1362 1303 1734 1641 1373 1759 1189 1839 1691 1730 1843 1838 1272 1530 1610 1710 1915 1783 1498 1882 1189 1797 1392 1167 1750 1337 1536 1068 1846 1875 1452 1428 1597 1013 1635 1967 1536 1203 1398 1011 1266 1740 1525 1610 1406 1827 1068 1223 1466 1761 1132 1925 1491 1596 1498 1036 1957 1567 1583 1853 1662 1847 1934 1396 1307 1500 1885 1107 1553 1263 1311 1816 1075 1750 1559 1647 1281 1952 1563 1614 1504 1309 1539 1764 1120 1142 1327 1700 1340 1060 1051 1120 1201 1547 1419 1635 1275 1312 1361 BCNSPRNW ULIB Ver.6.0+V

เปลี่ยนเป็นภาษาไทย

Change to English
 แสดงรายละเอียดบรรณานุกรม
  กลับหน้าหลัก

Brief Record : Get Marc (ISO 2709) : E-mail record : QR code < ปิดหน้าต่าง
LEADER : 00000nam 2200000uu 4500
001    13399122709
003     ULIB
008    020711s2555 th a 000 0 tha d
020    9789742474058
050  4 DS520^bพ517ร
100    พัชรา โพธิ์กลาง
245    เราคืออาเซียน-- ประชาคมอาเซียน /^cพัชรา โพธิ์กลาง
250    พิมพ์ครั้งที่ 4
260    กรุงเทพฯ :^bอมรินทร์คอมมิกส์,^c2555
300    94 หน้า
440  0 ชุด เราคืออาเซียน
650  7 ประชาคมอาเซียน
650  7 อาเซียน
945    ^p99^l0^i20148
999    ^aทศพร เกษรทอง
รายการนี้ยังไม่มีแท็ก
คุณยังไม่ได้ล็อกอิน คุณสามารถมีกิจกรรมร่วมกับเว็บไซต์ได้ แต่ต้องล็อกอินก่อน ::
  ล็อกอิน

รายการสื่อสารสนเทศ

ลำดับที่ ประเภท เลขเรียก/บาร์โค้ด สถานที่ สถานะ
1. การศึกษาทั่วไป
การศึกษาทั่วไป
DS520 พ517ร ฉ.1 
  Barcode: 20148
ห้องสมุดวิทยาเขตนครสวรรค์
►หนังสือทั่วไป:l:General Books
บนชั้น

รายการใกล้เคียง
    ผู้แต่ง [พัชรา โพธิ์กลาง]

    หัวเรื่อง [ประชาคมอาเซียน]
    หัวเรื่อง [อาเซียน]

BibComment


ยังไม่เคยถูกคอมเมนท์

คอมเมนท์ทรัพยากรรายการนี้
  คอมเมนท์: เราคืออาเซียน ประ..


 Copyright 2026. Bcnsprnw @Library